03733nam a2200409 a 4500003000500000005001700005007001500022008004100037035001100078040000900089090001000098100004200108245022600150264004100376300004200417336002700459337002900486338003700515502003500552520203900587590002402626590002802650590002802678590002802706590002902734650004102763650004102804650004802845700005502893856005302948901000703001942005603008949006703064949006103131999001703192952011403209CHAP20240814112936.0cr ||||||a|c|a101021s2010 mx r 00010 spa d a111161 cCHAP aTesis1 aLedezma Rivera, Jhonny Limbert96556010aTerritorio y conflictobla dinámica del poder local en tiempos de conflicto por el control de los recursos minerales (Cochabamba - Bolivia)c/por Jhonny Limbertt Ledezma Rivera; directora de tesis Gabriela Kraemer Bayer aChapingo, Méx. :bEl autor,c2010. a1 recurso en línea (290 páginas). 2rdacontentatextobtxt 2rdamediaacomputadorabc 2rdacarrierarecurso en lineabcr bDCCAcSociologíad2010.gDOC aEl caso que presentamos es un conflicto explicado por dos factores: 1. El alza de precios de los minerales a nivel internacional. 2. El contexto nacional de gobierno indígena y Asamblea Constituyente. El objetivo general que guió la investigación fue: Aportar a las ciencias sociales en general y a la antropología política en particular, en la comprensión de la dinámica del poder local en tiempos de conflicto por el control de los recursos minerales. La metodología que se utilizó fue cualitativa. Las técnicas utilizadas fueron la observación participante, las entrevistas en profundad, la observación en reuniones sindicales, talleres y seminarios, entre otras. La transdisciplinariedad fue importante en el análisis de la información, la misma no sólo implicó dotarse de herramientas conceptuales de la Antropología Política, sino también de otras disciplinas complementarias. Entre los principales hallazgos tenemos que resaltar que Raqaypampa en los últimos 25 años ha vivido un proceso de reconstitución territorial, lo cual ahora desemboca en la construcción e implementación de la Autonomía Indígena Originaria Campesina que se encuentra en pleno proceso de desarrollo jurídico, político y social. En referencia al conflicto minero suscitado en la TCO Raqaypampa, debemos resaltar que ésta fue dividida para su análisis en dos momentos y dentro de cada momento en etapas para aprovechar los marcos teóricos y conceptuales principalmente de Adams (1983) y Swartz, Turner y Tuden (1994). El primer momento se caracterizó por ser un conflicto externo; el segundo, se tornó interno. Entre las principales conclusiones a los cuales se arribó, fueron: 1. Las autoridades agrarias sindicales obtuvieron experiencias del conflicto minero al sentirse más preparados para futuros conflictos. 2. En tiempos de conflicto afloran los intereses individuales por encima de los intereses colectivos poniendo en crisis la democracia directa, participativa y comunitaria. aALEPHb10c20130110 aBATCH-UPDb10c20130110 aBATCH-UPDb10c20140324 aBATCH-UPDb10c20141002 aCONVERSIONb10c2013010904aBoliviaxCondiciones rurales.91357504aConflictos socialesxBolivia.92664304aMinas y recursos mineralesxBolivia.9759070 aKraemer Bayer, Gabriela963837eDirectora de tesis uhttp://10.13.5.2/tesis/111161.PDFzDESCARGAR PDF aBK cTD2Clasificación Universidad Autónoma Chapingo bBCcTESd33724002211678eTS2fc.2gDonaciØnh51240i111161sb bBCcTESd33724002211710eTS1gonaciØnh51239i111161sb c99503d99503 00102local4051708TesdigDaBDbBDcE_Ld2019-12-31l0oTesis digitalr2019-12-31 00:00:00w2019-12-31yTD